00314 a2200133 450000100060000002000180000604000240002410000210004824000350006924500300010430000060013436200090014065000310014946253 a9788574064666 cAnchieta - Aquarius aLOREIRO, Lená.10aA cozinha da Dona Nininhalpor10aA cozinha da Dona Nininha a 0 a2012 4aLiteratura infanto-juvenil